00349nam a2200145Ia 4500008004100000020001800041041000800059082001900067100003500086245003000121250000600151260001400157300001300171650001900184210716s2004 xx 000 0 und d a9780878932320 aeng a574.87322 GIBG aGibson, Greg; Muse, Spencer V. aPrimer of genome science. a2 aUSAc2004 axiii,378 aBioinformatics